Les Stades du Tournoi des Six Nations - Statistiques

Statistiques générales
  • Ce quiz a été pris 72 fois
  • Le résultat moyen est 4 sur 6
Statistiques - réponses
Pays Stade % Correct
France Stade de France
100%
Angleterre Twickenham
79%
Ecosse Murrayfield
64%
Italie Stadio Olimpico
58%
Irlande Aviva Stadium
56%
Pays de Galles Principality Stadium
39%
Aucun quiz correspondant
Distribution des résultats
% des personnes avec chaque résultat
Percentile par nombre de réponses
Votre historique - résultats
Vous n’avez pas pris ce quiz